<A> Look back at the 2008 financial crisis: the disconnect between credit and market risks

Globálna finančná kríza. Prehľad faktorov, ktoré prispeli k celosvetovej finančnej kríze. Nadmerné zadĺženie domácností. Inverzná korelácia medzi úverovým a trhovým rizikom. Nové pravidlá fungovania finančného trhu v USA.

Salvato in:
Dettagli Bibliografici
Autore principale: Obi, Pat
Altri autori: Choi, Jeong-Gil, Sil, Shomir
Natura: Capitolo di libro
Lingua:inglese
Soggetti:
Tags: Aggiungi Tag
Nessun Tag, puoi essere il primo ad aggiungerne!!

MARC

LEADER 00000naa a2200000 4500
001 0127194
005 20231010115650.2
041 0 |a eng 
044 |a CZ 
245 1 0 |a <A> Look back at the 2008 financial crisis: the disconnect between credit and market risks  |c Pat Obi, Jeong-Gil Choi, Shomir Sil 
520 |a Globálna finančná kríza. Prehľad faktorov, ktoré prispeli k celosvetovej finančnej kríze. Nadmerné zadĺženie domácností. Inverzná korelácia medzi úverovým a trhovým rizikom. Nové pravidlá fungovania finančného trhu v USA. 
610 2 0 |a trh finančný 
610 2 0 |a kríza finančná 
610 2 0 |a riziko úverové 
610 2 0 |a riziko trhové 
610 2 0 |a zadlženosť 
610 2 0 |a pôžičky 
610 2 0 |a hypotéky 
610 2 0 |a legislatíva 
610 2 0 |a USA 
100 1 |a Obi, Pat 
700 1 |a Choi, Jeong-Gil 
700 1 |a Sil, Shomir